000 01655cam a22004694i 4500
003 PE-LiUPU
005 20250731173529.0
008 150616s1993 ilua rb 000 0 eng d
020 _a0830814051
035 _a(Sirsi) i9780830814053
040 _aPE-LiUPU
_bspa
_cPE-LiUPU
_erda
049 _aPRUA
082 0 4 _a225.7
_bK34
_221
100 1 _aKeener, Craig S.,
_eautor.
245 1 4 _aThe IVP Bible Background Commentary New Testament /
_cCraig S. Kenner.
264 1 _aIllinois :
_bInterVarsity Press,
_c1993.
300 _a831 páginas :
_bilustraciones ;
_c23 centímetros
336 _atext
_2rdacontent
337 _aunmediated
_2rdamedia
338 _avolume
_2rdacarrier
504 _aIncluye bibliografía.
505 0 _aThe need for a cultural -- Historical commentary -- Gospels -- Acts -- New Testament letters -- Romans -- Etc.
526 _aSEG42
526 _aSEG41
526 _aSEG40
526 _aSEG39
526 _aP94
526 _aP87
526 _aP86
526 _aP85
526 _aP77
526 _aP76
526 _aP35
630 _aBiblia.
_pN.T.
_xComentarios.
910 _ajck
_bjvq
_cjck
942 _2ddc
_cBOOK
949 _a225.7 K34
_wDEWEY
_c1
_i42224
_d2016-1-15
_e2016-1-14
_lCCODEBUL1
_mBUL
_n1
_r0
_sY
_tBOOK
_u2015-6-16
_xTEOLOGIA
_zUNKNOWN
_0COMPRA
_o.STAFF. Colección General
994 _aC0
_bPEPRU
596 _a1
999 _a225.7 K34
_wDEWEY
_c60054
_i42224
_d60054
_e2016-1-14
_f2021-11-9
_g5
_lCCODEBUL1
_mBUL
_n1
_p24.36
_q1
_r0
_sY
_tBOOK
_u2015-6-16
_xTEOLOGIA
_PP35
_0COMPRA
_o.STAFF. Colección Teología
980 _81
_gALBERTO SANCHEZ Responsable de Automatización